[Event "Bodensee op"]
[Site "Bregenz"]
[Date "2024.05.09"]
[Round "6"]
[White "Grob, Joshua"]
[Black "Stark, John"]
[Result "1/2-1/2"]
[WhiteElo "2093"]
[BlackElo "1954"]
[PlyCount "75"]
[EventDate "2024.05.04"]
[EventType "swiss"]
[EventRounds "9"]
[EventCountry "AUT"]
[SourceTitle "CBM 220 Extra"]
[Source "ChessBase"]
[SourceDate "2024.07.31"]
[SourceVersion "1"]
[SourceVersionDate "2024.07.31"]
[SourceQuality "1"]

1. e4 c6 2. d4 d5 3. exd5 cxd5 4. Bd3 Nc6 5. c3 Qc7 6. Ne2 e6 7. Bf4 Bd6 8. Bxd6 Qxd6 9. 0-0 Nf6 10. Nd2 0-0 11. Nf3 e5 12. dxe5 Nxe5 13. Nxe5 Qxe5 14. Nd4 Bg4 15. f3 Qe3+ 16. Kh1 Bd7 17. Re1 Qf4 18. Qc1 Qd6 19. Nf5 Bxf5 20. Bxf5 Rfe8 21. Qd2 Re5 22. Rxe5 Qxe5 23. Bc2 Re8 24. Kg1 h5 25. Rd1 h4 26. Bb3 h3 27. gxh3 Nh5 28. Bxd5 Nf4 29. Be4 Qc5+ 30. Kh1 Nxh3 31. Kg2 Qh5 32. Qd7 Nf4+ 33. Kg3 Qg5+ 34. Kf2 Kf8 35. Qd6+ Kg8 36. Qd7 Kf8 37. Qd6+ Kg8 38. Qd7 1/2-1/2

[Event "SUI-ch HT 119th"]
[Site "Leukerbad"]
[Date "2019.07.15"]
[Round "5"]
[White "Giesinger, Elias"]
[Black "Grob, Joshua"]
[Result "1-0"]
[WhiteElo "2132"]
[BlackElo "2018"]
[PlyCount "43"]
[EventDate "2019.07.11"]
[EventType "swiss"]
[EventRounds "9"]
[EventCountry "SUI"]
[SourceTitle "EXT 2020"]
[Source "ChessBase"]
[SourceDate "2019.10.17"]
[SourceVersion "1"]
[SourceVersionDate "2019.10.17"]
[SourceQuality "1"]

1. d4 d6 2. Nf3 g6 3. g3 Bg7 4. Bg2 f5 5. 0-0 Nf6 6. c4 0-0 7. Nc3 c6 8. b3 h6 9. Ba3 Qc7 10. Qc2 Re8 11. Rad1 a5 12. Nh4 Kh7 13. e4 e6 14. e5 dxe5 15. dxe5 Nfd7 16. Bd6 Qb6 17. Na4 Qa7 18. Rfe1 b6 19. g4 Qb7 20. Rd3 Na6 21. Rg3 g5 22. gxf5 1-0